Équipes du "Big Five" Européen de Football - Statistiques

Statistiques générales
  • Ce quiz a été pris 1 370 fois
    463 depuis la dernière actualisation
  • Le résultat moyen est 58 sur 96
Statistiques - réponses
Réponse % Correct
Olympique de Marseille
99%
Paris Saint-Germain
99%
Olympique Lyonnais
98%
Lille OSC
93%
Real Madrid
92%
FC Barcelone
91%
RC Strasbourg
91%
RC Lens
90%
AS Monaco
89%
Stade Rennais
89%
Manchester City
88%
FC Nantes
87%
Manchester United
87%
OGC Nice
87%
Arsenal FC
85%
Atlético de Madrid
85%
Liverpool FC
84%
Chelsea FC
83%
AJ Auxerre
82%
Bayern Munich
82%
Inter Milan
82%
Toulouse FC
82%
Juventus FC
81%
AC Milan
80%
FC Metz
79%
Stade Brestois 29
79%
Borussia Dortmund
78%
Paris FC
78%
Angers SCO
77%
AS Rome
77%
Séville FC
77%
Tottenham Hotspur
77%
FC Lorient
76%
Real Betis
72%
Athletic Club
71%
SS Lazio
71%
Valence CF
71%
Le Havre AC
70%
SSC Napoli
70%
Aston Villa
69%
Bayer Leverkusen
68%
Villarreal CF
67%
Real Sociedad
66%
West Ham United
65%
Sunderland AFC
62%
Brighton & Hove Albion
60%
Newcastle United
59%
RB Leipzig
58%
Crystal Palace
57%
Everton FC
57%
Leeds United
57%
Atalanta Bergame
56%
Girona FC
56%
AFC Bournemouth
55%
Nottingham Forest
55%
Wolverhampton Wanderers
55%
Como 1907
53%
Brentford FC
52%
Torino FC
51%
ACF Fiorentina
50%
VfB Stuttgart
50%
VfL Wolfsburg
50%
Getafe CF
47%
Eintracht Francfort
45%
Espanyol de Barcelone
45%
FC Union Berlin
45%
Bologne FC
44%
Parme Calcio
44%
Fulham FC
43%
Rayo Vallecano
43%
Hambourg SV
42%
Burnley FC
41%
Udinese Calcio
40%
Werder Brême
40%
Celta Vigo
39%
Borussia Mönchengladbach
38%
RCD Majorque
38%
Real Oviedo
38%
US Sassuolo
38%
FC Cologne
37%
Genoa CFC
37%
CA Osasuna
35%
Deportivo Alavés
35%
Levante UD
35%
Cagliari Calcio
34%
FSV Mayence 05
33%
Hellas Vérone
33%
SC Fribourg
33%
Pisa SC
32%
TSG Hoffenheim
31%
Elche CF
28%
Sankt Pauli
26%
US Lecce
25%
FC Augsbourg
22%
US Cremonese
22%
FC Heidenheim
21%
Aucun quiz correspondant
Distribution des résultats
% des personnes avec chaque résultat
Percentile par nombre de réponses
Votre historique - résultats
Vous n’avez pas pris ce quiz depuis la dernière actualisation